000 00917nam0a22002771 4500
001 v19\rc\1711111
005 20250619033923.0
035 _a(NLR Aleph) 004810919
090 _a4927576
_c4927576
100 _a20061002d1914 |||y0rusy50 ca
101 0 _arus
102 _aRU
105 _aa z |||||
200 1 _aСв. мученик Иоанн воин
205 _a2-е изд.
210 _aМосква
_cОтд. распространения духовно-нравств. книг при Моск. о-ве любит. духовн. просвещения
_d1914
215 _a16 с.
_cил.
_d14
300 _aНа обл.: 3-е изд.
532 1 2 _aСвятой мученик Иоанн воин
702 0 _aИоанн Воин
_cсв.
_4570
801 0 _aRU
_bNLR
_gpsbo
801 0 _aRU
_bRuMoRGB
_2psbo
801 1 _aRU
_bProSoft-M
_2rusmarc
852 _aNLR
_j40.1.7.135
942 _cBOOK
980 _aNB